<?xml version="1.0" encoding="UTF-8"?><?xml-stylesheet type="text/xsl" href="static/style.xsl"?><OAI-PMH xmlns="http://www.openarchives.org/OAI/2.0/" xmlns:xsi="http://www.w3.org/2001/XMLSchema-instance" xsi:schemaLocation="http://www.openarchives.org/OAI/2.0/ http://www.openarchives.org/OAI/2.0/OAI-PMH.xsd"><responseDate>2026-04-14T17:14:07Z</responseDate><request verb="GetRecord" identifier="oai:uvadoc.uva.es:10324/162" metadataPrefix="marc">https://uvadoc.uva.es/oai/request</request><GetRecord><record><header><identifier>oai:uvadoc.uva.es:10324/162</identifier><datestamp>2021-11-15T21:52:10Z</datestamp><setSpec>com_10324_150</setSpec><setSpec>col_10324_151</setSpec></header><metadata><record xmlns="http://www.loc.gov/MARC21/slim" xmlns:doc="http://www.lyncode.com/xoai" xmlns:xsi="http://www.w3.org/2001/XMLSchema-instance" xmlns:dcterms="http://purl.org/dc/terms/" xsi:schemaLocation="http://www.loc.gov/MARC21/slim http://www.loc.gov/standards/marcxml/schema/MARC21slim.xsd">
<leader>00925njm 22002777a 4500</leader>
<datafield tag="042" ind1=" " ind2=" ">
<subfield code="a">dc</subfield>
</datafield>
<datafield tag="720" ind1=" " ind2=" ">
<subfield code="a">[s.n.]</subfield>
<subfield code="e">author</subfield>
</datafield>
<datafield tag="260" ind1=" " ind2=" ">
<subfield code="c">1781</subfield>
</datafield>
<datafield tag="024" ind2=" " ind1="8">
<subfield code="a">Alonso-Cortés, 4</subfield>
</datafield>
<datafield tag="024" ind2=" " ind1="8">
<subfield code="a">Rivera Manescau, 1</subfield>
</datafield>
<datafield tag="024" ind2=" " ind1="8">
<subfield code="a">Olim., 199</subfield>
</datafield>
<datafield tag="024" ind2=" " ind1="8">
<subfield code="a">http://uvadoc.uva.es/handle/10324/162</subfield>
</datafield>
<datafield tag="024" ind2=" " ind1="8">
<subfield code="a">b1513471</subfield>
</datafield>
<datafield tag="024" ind2=" " ind1="8">
<subfield code="a">U/Bc Ms 004</subfield>
</datafield>
<datafield ind1=" " ind2=" " tag="653">
<subfield code="a">Feudalismo - Castilla (Reino) - Historia - Fuentes</subfield>
</datafield>
<datafield ind1=" " ind2=" " tag="653">
<subfield code="a">España - Historia-0414-1474 (Edad Media) - Fuentes</subfield>
</datafield>
<datafield tag="245" ind1="0" ind2="0">
<subfield code="a">Tomo III de la copia del libro Becerro de las Behetrias sacada para el uso de este Colegio Mayor de Santa Cruz de Valladolid. año de 1781 / [copiante Don Torquato Torio de la Riva] [Manuscrito]</subfield>
</datafield>
</record></metadata></record></GetRecord></OAI-PMH>